| 000 | 01007nam a2200253 i 4500 | ||
|---|---|---|---|
| 003 | DO-SdBNP | ||
| 005 | 20240305102114.0 | ||
| 006 | a||||gr|||| 00| 0 | ||
| 007 | ta | ||
| 008 | 230721e1983 dr |||| |||| 00| 0 spa d | ||
| 040 |
_aDO-SdBNP _bspa _cBNPHU _erda |
||
| 082 | 4 |
_222 _bL789f |
|
| 100 | 1 |
_aLizardo, Fradique, _d1930-1997 _eautor _962027 |
|
| 245 | 1 | 0 |
_aCurriculum del profesor Fradique Lizardo (1930 - 1982). / _cFradique Lizardo |
| 264 | 1 |
_aSanto Domingo : _bBallet Folklórico Dominicano, _c1983 |
|
| 300 |
_a46 páginas ; _c21 cm. |
||
| 336 |
_2rdacontent _atexto _btxt |
||
| 337 |
_2rdamedia _asin medición _bn |
||
| 338 |
_2rdacarrier _avolumen _bnc |
||
| 490 |
_aPublicaciones ; _v7 |
||
| 505 |
_aIntroducción. _t1. Datos Generales.-- _t2. Preparación.-- _t3. Experiencia.-- _t4. Publicaciones hechas.-- _t5. Preparación en otras actividades profesionales.-- _t6. Reconocimientos, honores y premios.-- _t7. Organización de otros eventos. |
||
| 590 | _aInventariado 2023 / MF | ||
| 942 |
_2ddc _cLF2 |
||
| 999 |
_c54241 _d54241 |
||